000 00668nam a2200229 a 4500
003 DO-SdBNP
005 20220714104344.0
007 ta
008 220408b dr ac||gr|||| 001 0 spa d
040 _aDO-SdBNP
_bspa
_cBNPHU
082 4 _222
_bF488b
245 0 0 _aFilosofía para bachillerato
260 _aSanto Domingo :
_bSusaeta,
_c[190?]
300 _a224 p. :
_bil.,
_c21 cm.
504 _aBibliografía : p. 223-224
590 _aInventariado 2022 / MF
650 4 _981206
_aLibros de texto
_xRepública Dominicana
650 4 _954105
_aFilosofia
_xEnseñanza
_xLIibros de Textos
710 2 _aMundilibro, S.A.
_981441
910 _aMFeliz
942 _2ddc
_cLBS1
999 _c51517
_d51517